000
00283 a2200121 4500
001
62548
082
_a
620.0042 GAR
090
_c
37187
_d
37187
100
_a
Garratt James
245
_a
Design and technology, 2/e
250
_a
2
260
_a
GB
_b
Oxford University Press
_c
1996
942
_a
NUST-CAE
_k
620.0042 GAR
999
_c
297621
_d
297621